000 00765nam a2200229Ia 4500
003 GCL
008 140319s9999 xx 000 0 ara d
040 _aGCL /
_cGCL
082 0 4 _a247.9
_bد ب
100 1 _aالديلمى محمد بن الحسن
245 1 0 _aبيان مذهب الباطنية وبطلانه منقول من كتاب ال محمد /
_cالديلمى محمد بن الحسن
700 1 _aشروطمان ر.
260 _a[S.N] :
_bالنشرات الاسلامية ،
_c1938
300 _a137 ص
490 _a
650 0 4 _aالاسلام
650 0 4 _aالحركات الفكرية عند المسلمين
650 0 4 _aالفرق الاسلامية
650 0 4 _aالشيعة
650 0 4 _aالباطنية
942 _2ddc
_cBK
999 _c36178
_d36178